|
|
|
|
| LEADER |
01193nam a2200361 i 4500 |
| 001 |
001759360 |
| 003 |
CZ BrMZK |
| 005 |
20200910085436.0 |
| 007 |
ta |
| 008 |
200720t20032003xr g 000 f cze |
| 015 |
|
|
|a cnb001284345
|
| 020 |
|
|
|a 80-86390-64-0
|q (Wales ;
|q vázáno) :
|c Kč 219,00
|
| 035 |
|
|
|a (OCoLC)56858549
|
| 040 |
|
|
|a KLG001
|b cze
|d ABA001
|d BOA001
|e rda
|
| 072 |
|
7 |
|a 821.162.3-3
|x Česká próza
|2 Konspekt
|9 25
|
| 080 |
|
|
|a 821.162.3-31
|2 MRF
|
| 080 |
|
|
|a (0:82-312.9)
|2 MRF
|
| 100 |
1 |
|
|a Komárek, Martin,
|d 1961-
|7 jn19981228090
|4 aut
|
| 245 |
1 |
0 |
|a Rytíři noci.
|n Kniha druhá,
|p Rytíři krve /
|c Martin Komárek
|
| 246 |
3 |
0 |
|a Rytíři krve
|
| 250 |
|
|
|a České vydání
|
| 264 |
|
1 |
|a [Praha] :
|b Wales :
|b Classic,
|c [2003]
|
| 264 |
|
4 |
|c ©2003
|
| 300 |
|
|
|a 244 stran ;
|c 21 cm
|
| 336 |
|
|
|a text
|b txt
|2 rdacontent
|
| 337 |
|
|
|a bez média
|b n
|2 rdamedia
|
| 338 |
|
|
|a svazek
|b nc
|2 rdacarrier
|
| 655 |
|
7 |
|a české romány
|7 fd133974
|2 czenas
|
| 655 |
|
7 |
|a fantasy romány
|7 fd184199
|2 czenas
|
| 910 |
|
|
|a BOA001
|b 1-1433.502,2
|
| 990 |
|
|
|a BK
|
| 991 |
|
|
|b 202009
|
| 996 |
6 |
|
|b 2610834281
|c 1-1433.502,2
|l MZK
|r Sklad / do 1 hodiny
|n 0
|p dar
|w 001818460
|u 000010
|a 1
|e BOA001
|j MZK50
|s P
|